| 000 | 00778nam a2200265 a 4500 | ||
|---|---|---|---|
| 999 |
_c2021 _d2021 |
||
| 001 | 3458 | ||
| 003 | BD-DhUAP | ||
| 005 | 20210128092003.0 | ||
| 008 | 200219s2000 bg a b i000 0 eng d | ||
| 020 | _a9840515713 | ||
| 040 |
_aBD-DhUAP _cBD-DhUAP _dBD-DhUAP _bEng |
||
| 082 | 0 | 0 |
_a370.95492 BAN _223 |
| 245 | 0 | 0 | _aBangladesh education sector review. |
| 260 |
_aDhaka : _bUniversity Press, _cc2000. |
||
| 300 |
_avolumes : _bill. ; _c28 cm. |
||
| 362 | 0 | _aVol. III | |
| 504 | _aIncludes bibliographical references. | ||
| 505 | _aV. 2-- | ||
| 526 | _aBIED | ||
| 650 | 0 |
_aEducation _zBangladesh. _936476 |
|
| 710 | 2 |
_aThe World Bank. _936477 |
|
| 942 |
_2ddc _cBK |
||